[Event "Mittelfrank Regionalliga Sud-West 2223"]
[Site "Mittelfranken"]
[Date "2022.10.23"]
[Round "2.2"]
[White "Ruprecht, Martin"]
[Black "Gradwohl, Manfred"]
[Result "1-0"]
[WhiteElo "2075"]
[BlackElo "1957"]
[PlyCount "80"]
[EventDate "2022.10.09"]
[EventType "team-tourn"]
[EventRounds "9"]
[EventCountry "GER"]
[SourceTitle "EXT 2024"]
[Source "ChessBase"]
[SourceDate "2023.10.10"]
[SourceVersion "1"]
[SourceVersionDate "2023.10.10"]
[SourceQuality "1"]
[WhiteTeam "Marktoberdorf"]
[BlackTeam "Garching III"]
[WhiteTeamCountry "GER"]
[BlackTeamCountry "GER"]

1. d4 g6 2. c4 Bg7 3. Nc3 d6 4. Nf3 Bg4 5. g3 Nf6 6. Bg2 0-0 7. 0-0 Nc6 8. d5 Na5 9. Qd3 c5 10. h3 Bd7 11. Kh2 a6 12. Bg5 b5 13. Nd2 Nxc4 14. Nxc4 bxc4 15. Qxc4 Qb6 16. Rab1 h6 17. Bf4 Rfb8 18. Rfe1 Qb4 19. Qd3 Nh5 20. Bd2 Qd4 21. Nd1 Bf5 22. Qxd4 cxd4 23. Rc1 Nf6 24. e4 Bd7 25. b3 a5 26. Nb2 a4 27. b4 a3 28. Nc4 Bb5 29. Bf1 Nd7 30. Kg2 Bxc4 31. Rxc4 Rc8 32. Rec1 Rxc4 33. Rxc4 Nb6 34. Rc7 Na4 35. Rxe7 Nc3 36. Bxc3 dxc3 37. Rc7 Rb8 38. Rc4 Kf8 39. Bd3 Ke8 40. Kf1 Kd7 1-0

[Event "GER-ch Net blitz qual3"]
[Site "Playchess.com INT"]
[Date "2020.03.21"]
[Round "6"]
[White "Ruprecht, Martin"]
[Black "Hassemeier, Mika"]
[Result "1-0"]
[WhiteElo "2001"]
[BlackElo "2072"]
[PlyCount "127"]
[EventDate "2020.03.21"]
[EventType "swiss (blitz)"]
[EventRounds "9"]
[EventCountry "GER"]
[SourceTitle "CBM 195 Extra"]
[Source "ChessBase"]
[SourceDate "2020.05.31"]
[SourceVersion "1"]
[SourceVersionDate "2020.05.31"]
[SourceQuality "1"]

1. d4 Nf6 2. Nf3 g6 3. c4 Bg7 4. Nc3 0-0 5. e4 d6 6. Bg5 c5 7. Be2 cxd4 8. Nxd4 Nc6 9. 0-0 Bd7 10. Be3 Rc8 11. Rc1 a6 12. Qd2 Re8 13. Rfd1 Ne5 14. b3 Nfg4 15. Bg5 h6 16. Bh4 Qb6 17. Nd5 Qd8 18. h3 g5 19. Bxg5 hxg5 20. hxg4 e6 21. Ne3 Bf6 22. Nf3 Nxf3+ 23. Bxf3 Be7 24. Be2 Qb6 25. Qd4 Qc7 26. e5 Qc5 27. exd6 Qxd4 28. Rxd4 Bf6 29. Rdd1 Rc6 30. Bf3 Rb6 31. Nc2 Rc8 32. Ne1 Bd8 33. Rd2 Bc6 34. Rcd1 Bxf3 35. Nxf3 a5 36. Ne5 Rc5 37. Nd7 Rbc6 38. Nxc5 Rxc5 39. d7 Kf8 40. Rd6 Ke7 41. f3 a4 42. Kf2 axb3 43. axb3 Ra5 44. Ke3 Ra2 45. R1d2 Ra5 46. R6d4 Ra8 47. Kd3 e5 48. Rd5 f6 49. Ke4 Ra3 50. R5d3 Ra1 51. Rd1 Ra2 52. Rh1 Re2+ 53. Kf5 Rxg2 54. Rh7+ Kf8 55. Ke6 Kg8 56. Re7 e4 57. fxe4 Re2 58. Re8+ Kg7 59. Rxd8 Rxe4+ 60. Kd6 Re5 61. Re8 Ra5 62. d8Q Ra6+ 63. Kc7 Rc6+ 64. Kxb7 1-0